Normal view MARC view

Entry Topical Term

Number of records used in: 2

001 - CONTROL NUMBER

  • control field: 7999

003 - CONTROL NUMBER IDENTIFIER

  • control field: OSt

005 - DATE AND TIME OF LATEST TRANSACTION

  • control field: 20160418145602.0

008 - FIXED-LENGTH DATA ELEMENTS

  • fixed length control field: 160418|| aca||aabn | a|a d

040 ## - CATALOGING SOURCE

  • Original cataloging agency: OSt
  • Transcribing agency: OSt

150 ## - HEADING--TOPICAL TERM

  • Topical term or geographic name entry element: Gender relations.

670 ## - SOURCE DATA FOUND

  • Source citation: Work cat.: (OSt): Mbirinyi,A.Dorothy;Orari,Cuthbert; 7998, Gender Relations and Women's Images in the Media., 1996.